Statistics for The Goldbergs' characters Quiz

Click here to take the quiz!

General Stats

  • This quiz has been taken 50 times
  • The average score is 15 of 31

Answer Stats

HintAnswer% Correct
Likes films, roboots, etcAdam
100%
Wants to be a doctorBarry
97%
Cool, but secretly very smartErica
97%
Overbearing momBeverly
92%
Other friend of AdamDave Kim
82%
Wise elderPops
82%
Under caring fatherMurray
79%
Erica's boyfriend, JTP memberGeoff
67%
JTP memberNaked Rob
67%
Erica's best friendLainey
62%
Eccentric uncleMarvin
62%
Grumpy grandfatherPop Pop
59%
Adam's first girlfriend, later friendDana
56%
JTP memberMatt
56%
Was previously called 'Andre'John
51%
Likes the band 'Rush'Johnny
51%
JTP memberAndy
46%
Murray's best friendBill
46%
best friend of AdamChad
46%
other best friend of adamEmmy
46%
Adam's 2nd girlfriendJackie
36%
Erica's other friendCarla
28%
Works at the ottoman EmpireVick
28%
Gym CoachCoach Mellor
21%
principalEarl
15%
Sports lover, goes to StanfordRubin Amaro
10%
brief friend of adamGarry
8%
Friend of AdamDavid
3%
Barry's old crushlexxy
3%
Friend of Adam, likes SportTaz
3%
Drama and Music teacherMiss Cinnemon
0%

Score Distribution

Percentile by Number Answered

Percent of People with Each Score

Your Score History

You have not taken this quiz